Internet v riadení a obchode firmy. /
Uložené v:
| Hlavní autori: | , |
|---|---|
| Médium: | Kniha |
| Jazyk: | Slovak |
| Vydané: |
Bratislava :
EL & T, s.r.o.,
1996
|
| Vydanie: | 1. vyd. |
| Témy: | |
| ISBN: |
808881202X (brož.) |
| Fyzický popis: |
273 s. |
| Tagy: |
Pridať tag
Žiadne tagy, Buďte prvý kto otaguje tento záznam!
|
Titul je dostupný aj v ... 

MARC
| LEADER | 00000nam a2200000 a 4500 | ||
|---|---|---|---|
| 001 | 000056310 | ||
| 003 | SVKK | ||
| 005 | 19970307000000.0 | ||
| 008 | 961205s1996 xo e sloo | ||
| 020 | |a 808881202X (brož.) | ||
| 040 | |a SVKKK |b slo |c SVKKK |e AACR2 | ||
| 041 | 0 | |a slo | |
| 044 | |a xo |c SK | ||
| 080 | |a 681.324 Internet |2 1997 | ||
| 100 | 1 | |a Makulová, Soňa |4 aut | |
| 245 | 1 | 0 | |a Internet v riadení a obchode firmy. / |c Soňa Makulová, Vladimír Burčík |
| 250 | |a 1. vyd. | ||
| 260 | |a Bratislava : |b EL & T, s.r.o., |c 1996 | ||
| 300 | |a 273 s. | ||
| 653 | 0 | |a Internet (sieť počítač.) |2 SVKKKPH | |
| 653 | 0 | |a siete počítačové |2 SVKKKPH | |
| 653 | 0 | |a príručky |2 SVKKKPH | |
| 655 | 7 | |a príručky |2 SVKKKPH | |
| 700 | 1 | |a Burčík, Vladimír |4 aut | |
| 910 | |a svkkk | ||
| 919 | |a 80-88812-02-X | ||
| 974 | |a MI |d 19970211 | ||
| 974 | |a KL |d 19970207 | ||
| 974 | |a EG |d 19970307 | ||
| 998 | |a BK | ||
| 090 | |g SCKHL |k Sklad Pribinova prízemie |a IV.173961 |j 902539 |i 2720068873 |s Absenčne | ||
| 090 | |g SCKHL |k Sklad Pribinova prízemie |a IV.174033 |j 902680 |i 56310-30 |s Absenčne | ||
| 090 | |g SCKHL |k Sklad Pribinova prízemie |a IV.174034 |j 902681 |i 56310-40 |s Absenčne | ||
| 090 | |g SCKHL |k Sklad Pribinova prízemie |a IV.174139 |j 902935 |i 56310-20 |s Absenčne | ||
| 090 | |g SCKHL |k Sklad Pribinova prízemie |a IV.174140 |j 902936 |i 56310-50 |s Absenčne | ||
| 090 | |g SCKHL |k Sklad Pribinova prízemie |a IV.174141 |j 902937 |i 56310-60 |s Absenčne | ||